Southville International School and Colleges
Your cart is empty.
  • Cart
  • Lists
    Public lists Eva Luna New books Lux_list list_1
    Your lists Log in to create your own lists
  • Log in to your account
  • Your cookies
  • Search history
Southville International School and Colleges
  • Advanced search
  • Recent comments
  • Most popular
  • Libraries

Log in to your account

Log in with GOOGLE


If you do not have an external account, but do have a local account, you can still log in:

  1. Home
  2. MARC view: From God with love / :
Normal view MARC view ISBD view

From God with love / : (Record no. 102497)

[ view plain ]
MARC details
000 -LEADER
fixed length control field 00682nam a2200181 a 4500
005 - DATE AND TIME OF LATEST TRANSACTION
control field 20140412111237.0
008 - FIXED-LENGTH DATA ELEMENTS--GENERAL INFORMATION
fixed length control field 010604s19uu xx 00 eng d
020 ## - INTERNATIONAL STANDARD BOOK NUMBER
International Standard Book Number 0-945564-78-3
050 ## - LIBRARY OF CONGRESS CALL NUMBER
Classification number M 226.09
Item number T365 1993
100 ## - MAIN ENTRY--PERSONAL NAME
Personal name Thomas, Mack
245 ## - TITLE STATEMENT
Title From God with love / :
Remainder of title helping children understand the Gospel through the colors of Christmas /
Statement of responsibility, etc by Mack Thomas; illustrations by Stephanie Britt.
260 ## - PUBLICATION, DISTRIBUTION, ETC. (IMPRINT)
Place of publication, distribution, etc [s.l.] :
Name of publisher, distributor, etc Gold 'n' Honey Books,
Date of publication, distribution, etc 1993.
300 ## - PHYSICAL DESCRIPTION
Extent 1v. (unp.) ; ill.
520 ## - SUMMARY, ETC.
Summary, etc In the Bible you can find the Christmas story in Luke 2:1-20 and in Matthew 1:18-2:13
650 ## - SUBJECT ADDED ENTRY--TOPICAL TERM
Topical term or geographic name as entry element Christmas-Stories
650 ## - SUBJECT ADDED ENTRY--TOPICAL TERM
Topical term or geographic name as entry element Bible stories, N. T.
Holdings
Withdrawn status Lost status Damaged status Use restrictions Home library Current library Shelving location Date acquired Source of acquisition Total Checkouts Full call number Barcode Date last seen Price effective from Koha item type
        Elizalde Library Elizalde Library Main Section 06/04/2001     M 226.09 T365 1993 E1899 04/12/2014 04/12/2014 Books

From God with love / :

APA

Thomas M., . (1993). From God with love. [s.l.]: Gold 'n' Honey Books.

Chicago

Thomas Mack, . 1993. From God with love. [s.l.]: Gold 'n' Honey Books.

Harvard

Thomas M., . (1993). From God with love. [s.l.]: Gold 'n' Honey Books.

MLA

Thomas Mack, . From God with love. [s.l.]: Gold 'n' Honey Books. 1993.

  • Place hold
  • Print
  • Cite
  • Add to your cart (remove)
  • Save record
    BIBTEX Dublin Core MARCXML MARC (non-Unicode/MARC-8) MARC (Unicode/UTF-8) MARC (Unicode/UTF-8, Standard) MODS (XML) RIS
  • More searches
    Search for this title in:
    Other Libraries (WorldCat) Other Databases (Google Scholar) Online Stores (Bookfinder.com) Open Library (openlibrary.org)

Exporting to Dublin Core...

SOUTHVILLE LIBRARY

Southville International School and Colleges Library

1281 Tropical Ave. Cor. Luxembourg St., BF Homes International, Las Pinas City

Tel. No. 8256374 / 252358 Loc. 117/146

Powered by Koha